| 000 | 01140nas a2200313 4500 | ||
|---|---|---|---|
| 001 | BR8400462 | ||
| 003 | BR-BrBNA | ||
| 005 | 20231205085746.0 | ||
| 007 | ta | ||
| 008 | 230509b bl.|||p| |||| 00| 00por d | ||
| 040 |
_aBR-BrBNA _bpor _cBiblioteca Nacional de Agricultura |
||
| 041 | _a(Pt) | ||
| 072 | _aF25 | ||
| 100 | 1 | _aMello, F. de A.F. de | |
| 100 | 1 | _aArzolla, S. | |
| 245 | 1 | _aAcidificacao do solo por adubos nitrogenados: efeitos residuais apos a primeira e segunda colheitas [milho, Zea mays, algodao, Gossypium hirsutum, arroz, Oryza sativa] | |
| 246 | 1 | _a[Soil acidification by nitrogen fertilizers: residual effects after the first and second harvest [maize, Zea mays, cotton, Gossypium hirsutum, rice, Oryza sativa]] | |
| 650 | _aMILHO | ||
| 650 | _aALGODAO | ||
| 650 | _aARROZ | ||
| 650 | _aCOLHEITA | ||
| 650 | _aFERTILIZANTE NITROGENADO | ||
| 650 | _aACIDEZ DO SOLO | ||
| 650 | _aACIDIFICACAO | ||
| 650 | _aEFEITO RESIDUAL | ||
| 773 | 0 |
_tRevista de Agricultura (Brazil) _xISSN 0034-7655 _g(Dec 1983), v. 58(4) p. 249-263 _wBR8400462 |
|
| 909 |
_a202311 _bLúcia _c55 _dLúcia Elande |
||
| 942 |
_2AGRIS _n0 _cANA |
||
| 999 |
_c113607 _d113607 |
||